000
00297nam a22001217a 4500
082
_a
030
_b
VID/E
100
_a
VIDYODHAYA
245
_a
SCHOOL STUDENT'S ENCYCLOPEDIA
_b
NEW SERIES
260
_a
TRIVANDRUM
_b
VIDYODHAYA PUBLICATIONS
300
_a
176
650
_a
GENERAL KNOWLEDGE
_z
INDIA
942
_c
BK
999
_c
1886
_d
1886